| 000 | 00974cab a2200277 4500 | ||
|---|---|---|---|
| 001 | WB2917-26 | ||
| 008 | 090401t1993 xxu||||| |||| 00| 0 eng d | ||
| 035 | _a(Sirsi) u18064 | ||
| 041 | _aeng | ||
| 245 | _aEstate agents` commission | ||
| 260 | _c1993 | ||
| 350 | _a0 | ||
| 490 |
_aEstates Gazette _v(9317) 1 May 1993, 101(1) |
||
| 520 | _aDiscusses whether `substantial performance` of clients` instructions entitles estate agents to commission. Refers to "Connell Estate Agents v Begej", in which agents sought commission on a sale, which involved part-exchange as well as cash payment. | ||
| 650 | _aCOMMISSION | ||
| 650 | _aESTATE AGENTS ACT 1979 S18 | ||
| 650 | _aESTATE AGENTS | ||
| 650 | _aFEES | ||
| 650 | _aLEVERS V DUNSDON | ||
| 650 | _aRICHARD ELLIS V PIPE-CHEM (HOLDINGS) LTD | ||
| 650 | _aRIMMER V KNOWLES | ||
| 650 | _aSALE OF GOODS | ||
| 690 | _aMANAGEMENT-BUSINESS MANAGEMENT-PROFESSIONAL PRACTICE | ||
| 942 | _n0 | ||
| 948 | _c04/03/1997 | ||
| 999 |
_c11981 _d11981 |
||